[Event "Campeonato de España Individual Femenino"]
[Site "Cortegana  (Huelva)"]
[Date "2010.08.22"]
[Round "7"]
[White "Salido Polo, Veronica"]
[Black "Pascual Palomo, Lucia"]
[Result "0-1"]
[WhiteElo "1984"]
[BlackElo "2126"]
[PlyCount "62"]
[EventDate "2010.08.17"]
[EventRounds "7"]
[EventCountry "ESP"]

1. e4 e6 2. d4 d5 3. Nd2 c5 4. exd5 Qxd5 5. Ngf3 cxd4 6. Bc4 Qd6 7. O-O Nf6 8.
Nb3 Nc6 9. Nbxd4 Nxd4 10. Qxd4 Qxd4 11. Nxd4 a6 12. a4 Bd7 13. Re1 Bc5 14. Be3
Ng4 15. Rad1 Nxe3 16. fxe3 Bxa4 17. b3 Bd7 18. Nf3 f6 19. Nd4 Ke7 20. Bd3 Rac8
21. Be4 Rc7 22. Rd3 f5 23. Bf3 e5 24. Bd5 Bb4 25. c3 Bxc3 26. Nc6+ Bxc6 27.
Rxc3 Rhc8 28. Rec1 Kd6 29. Bc4 Be4 30. Ra1 Ke7 31. Rcc1 b5 0-1

[Event "Campeonato de España Individual Femenino"]
[Site "Cortegana  (Huelva)"]
[Date "2010.08.22"]
[Round "7"]
[White "Vega Gutierrez, Sabrina"]
[Black "Aranaz Murillo, Amalia"]
[Result "1/2-1/2"]
[WhiteElo "2373"]
[BlackElo "2190"]
[PlyCount "158"]
[EventDate "2010.08.17"]
[EventRounds "7"]
[EventCountry "ESP"]

1. e4 c6 2. d4 d5 3. e5 Bf5 4. Nf3 e6 5. Be2 c5 6. Be3 cxd4 7. Nxd4 Ne7 8. O-O
Nbc6 9. Nb5 Nxe5 10. Nxa7 N5c6 11. Nb5 Nc8 12. c4 Nd6 13. cxd5 Nxb5 14. Bxb5
Qxd5 15. Qxd5 exd5 16. Nc3 Be6 17. Rfd1 O-O-O 18. Bb6 Rd6 19. Rac1 Be7 20. Bc5
Rd7 21. Bxe7 Rxe7 22. Nxd5 Bxd5 23. Rxd5 Kc7 24. Rdc5 Re6 25. g3 Rd8 26. R1c2
Kb6 27. Bxc6 bxc6 28. h4 g6 29. Kg2 h5 30. R5c3 Rd5 31. Rf3 f6 32. Re3 Red6 33.
Rce2 Rf5 34. Re6 Rdd5 35. Rc2 Rc5 36. Rxc5 Kxc5 37. Re3 Rd5 38. Rc3+ Kb5 39.
Rc2 Rf5 40. Kf1 g5 41. hxg5 fxg5 42. Ke2 h4 43. gxh4 gxh4 44. Ke3 Rg5 45. f4
Rg3+ 46. Ke4 h3 47. Rh2 Kc5 48. b3 Kd6 49. f5 Rg2 50. Rxh3 Re2+ 51. Kf4 Rxa2
52. Rd3+ Ke7 53. Re3+ Kf7 54. Ke5 Rd2 55. Rc3 Rd5+ 56. Kf4 Rb5 57. Kg5 c5 58.
Rh3 Rb4 59. Rh7+ Kg8 60. Rc7 Rxb3 61. Kg6 Rg3+ 62. Kf6 Rf3 63. Rxc5 Rf1 64.
Rc8+ Kh7 65. Re8 Rf2 66. Re5 Kg8 67. Rd5 Rf1 68. Rd8+ Kh7 69. Ke6 Kg7 70. Rd7+
Kf8 71. Kf6 Kg8 72. Rg7+ Kf8 73. Rb7 Kg8 74. Rb8+ Kh7 75. Rb7+ Kg8 76. Rg7+ Kf8
77. Rg5 Ra1 78. Kg6 Ra6+ 79. f6 Ra1 1/2-1/2

[Event "Campeonato de España Individual Femenino"]
[Site "Cortegana  (Huelva)"]
[Date "2010.08.22"]
[Round "7"]
[White "Calzetta Ruiz, Monica"]
[Black "Nieto Asencio, Mari Carmen"]
[Result "1/2-1/2"]
[WhiteElo "2256"]
[BlackElo "1952"]
[PlyCount "111"]
[EventDate "2010.08.17"]
[EventRounds "7"]
[EventCountry "ESP"]

1. e4 c5 2. Nf3 g6 3. d4 cxd4 4. Nxd4 Nc6 5. Nc3 Bg7 6. Nb3 Nf6 7. Be2 d6 8.
O-O O-O 9. Bg5 Be6 10. Kh1 Rc8 11. f4 Na5 12. f5 Bc4 13. Bd3 b5 14. Qe1 b4 15.
Nd1 d5 16. e5 Ne4 17. Bxe7 Qxe7 18. Nxa5 Bxd3 19. cxd3 Qc7 20. Nb3 Nc5 21. d4
Nxb3 22. axb3 f6 23. fxg6 hxg6 24. Ne3 fxe5 25. Nxd5 Qd6 26. Rxf8+ Rxf8 27.
Nxb4 Qxd4 28. Nc6 Qf2 29. h3 Qxe1+ 30. Rxe1 Rf2 31. Nxe5 Rxb2 32. Nxg6 Rxb3 33.
Ne7+ Kf7 34. Nf5 Bf6 35. h4 Rd3 36. Rb1 Ke6 37. g4 Bxh4 38. Nxh4 Rh3+ 39. Kg2
Rxh4 40. Kg3 Rh7 41. Ra1 Kd5 42. Ra5+ Kc4 43. g5 Kb4 44. Ra6 Kb5 45. Ra1 a5 46.
Kg4 a4 47. g6 Rd7 48. Kf5 Kb4 49. Ke6 Ra7 50. Rg1 a3 51. g7 Rxg7 52. Rxg7 a2
53. Rg1 Kb3 54. Kd5 Kb2 55. Kc4 a1=Q 56. Rxa1 1/2-1/2

[Event "Campeonato de España Individual Femenino"]
[Site "Cortegana  (Huelva)"]
[Date "2010.08.22"]
[Round "7"]
[White "Perera Borrego, Mariela"]
[Black "Garcia Vicente, Nieves"]
[Result "0-1"]
[WhiteElo "2068"]
[BlackElo "2208"]
[PlyCount "92"]
[EventDate "2010.08.17"]
[EventRounds "7"]
[EventCountry "ESP"]

1. d4 d5 2. Nf3 Nc6 3. c4 Bg4 4. e3 e5 5. dxe5 Bb4+ 6. Bd2 Bxd2+ 7. Nbxd2 Nge7
8. h3 Bh5 9. Be2 O-O 10. O-O a6 11. Qc2 Nxe5 12. Nxe5 Bxe2 13. Rfe1 Bh5 14. g4
Bg6 15. Nxg6 Nxg6 16. Rad1 f5 17. Qd3 c6 18. f3 fxg4 19. hxg4 Ne5 20. Qe2 Qh4
21. Qf2 Qxf2+ 22. Kxf2 Nd3+ 23. Kg3 Nxe1 24. Rxe1 Rad8 25. cxd5 Rxd5 26. Ne4 c5
27. Rc1 b6 28. Kf2 Rfd8 29. Ke2 h6 30. Rc3 Rc8 31. Ra3 Ra8 32. Rc3 Kf7 33. a4
Rc8 34. Rb3 Rc6 35. Nc3 Rd8 36. e4 Rd4 37. a5 Rb4 38. Ra3 Rxb2+ 39. Ke3 b5 40.
Nd5 c4 41. Ra1 c3 42. f4 c2 43. Rc1 b4 44. f5 b3 45. e5 Rb1 46. e6+ Ke8 0-1

[Event "Campeonato de España Individual Femenino"]
[Site "Cortegana  (Huelva)"]
[Date "2010.08.22"]
[Round "7"]
[White "Marin Benito, Carla"]
[Black "Vega Gutierrez, Belinda"]
[Result "0-1"]
[WhiteElo "1832"]
[BlackElo "2266"]
[PlyCount "118"]
[EventDate "2010.08.17"]
[EventRounds "7"]
[EventCountry "ESP"]

1. e4 e5 2. Nc3 Nf6 3. g3 d5 4. exd5 Nxd5 5. Bg2 Nxc3 6. bxc3 Bd6 7. Nf3 O-O 8.
O-O Nd7 9. d4 c5 10. dxe5 Nxe5 11. Rb1 Qc7 12. Qe2 Ng6 13. Rd1 Rb8 14. Be3 b6
15. Nd2 Be6 16. Ne4 Be7 17. c4 Rbd8 18. Nc3 Qc8 19. Nd5 Bd6 20. Rd2 Bg4 21. Bf3
Bxf3 22. Qxf3 Ne5 23. Qe2 Qg4 24. Qxg4 Nxg4 25. f4 Rfe8 26. Bf2 h5 27. Nc3 h4
28. Rbd1 hxg3 29. hxg3 Bc7 30. Nd5 Bd6 31. Nc3 Be7 32. Nd5 Kf8 33. Kg2 f5 34.
Re1 Bf6 35. Rde2 Rxe2 36. Rxe2 Re8 37. Kf1 Rxe2 38. Kxe2 Ke8 39. a4 Kd7 40. Be1
g6 41. Kd3 Bd8 42. Ke2 Nf6 43. Nc3 Ne8 44. Kf3 Nd6 45. g4 Nxc4 46. Nd5 Nb2 47.
Nc3 Ke6 48. Bd2 Bf6 49. a5 bxa5 50. Nb5 a4 51. Na3 fxg4+ 52. Kxg4 Nd1 53. Bc1
Kd5 54. f5 gxf5+ 55. Kxf5 Bb2 56. Bxb2 Nxb2 57. Kf4 Nc4 58. Nb1 Kd4 59. c3+ Kd3
0-1

[Event "Campeonato de España Individual Femenino"]
[Site "Cortegana  (Huelva)"]
[Date "2010.08.22"]
[Round "7"]
[White "Terrones Launes, Mireia"]
[Black "Gonzalez Berruga, Ana Isabel"]
[Result "1-0"]
[WhiteElo "1933"]
[BlackElo "2008"]
[PlyCount "88"]
[EventDate "2010.08.17"]
[EventRounds "7"]
[EventCountry "ESP"]

1. e4 c5 2. Nc3 d6 3. f4 Nc6 4. Nf3 g6 5. Bc4 e6 6. O-O Bg7 7. d3 Nge7 8. Bb3
O-O 9. Qe1 Nd4 10. e5 Nxf3+ 11. Rxf3 Nc6 12. exd6 Qxd6 13. Ne4 Qe7 14. c3 h6
15. g4 f5 16. gxf5 gxf5 17. Ng3 Kh7 18. Nh5 Bh8 19. Bd2 Bd7 20. Qf2 Rg8+ 21.
Kf1 Rg6 22. Re1 b6 23. Rfe3 Rf8 24. Rg3 Rfg8 25. Ree3 Qd6 26. Qg1 Na5 27. Bd1
e5 28. Rxg6 Rxg6 29. Rg3 Bb5 30. Be2 e4 31. Rxg6 Qxg6 32. Qxg6+ Kxg6 33. Ng3
exd3 34. Bh5+ Kf6 35. c4 Nxc4 36. Bc3+ Ke6 37. Bxh8 d2 38. Kf2 Nd6 39. Bc3 Be8
40. Bxe8 Ne4+ 41. Nxe4 fxe4 42. Bxd2 Kf5 43. Ke3 b5 44. h3 h5 1-0

[Event "Campeonato de España Individual Femenino"]
[Site "Cortegana  (Huelva)"]
[Date "2010.08.22"]
[Round "7"]
[White "Romero Diez, Sandra"]
[Black "Gutierrez Castillo, Paloma"]
[Result "1-0"]
[WhiteElo "1845"]
[BlackElo "2167"]
[PlyCount "41"]
[EventDate "2010.08.17"]
[EventRounds "7"]
[EventCountry "ESP"]

1. d4 Nf6 2. c4 g6 3. Nc3 Bg7 4. e4 d6 5. f3 O-O 6. Bg5 c6 7. Nge2 Nbd7 8. Qd2
Re8 9. Ng3 e5 10. d5 Qb6 11. Be3 c5 12. Be2 Nf8 13. O-O h5 14. Nh1 a6 15. Nf2
Kh7 16. h3 h4 17. f4 exf4 18. Bxf4 N6d7 19. Ng4 Ne5 20. Bxe5 Bxg4 21. Bxg7 1-0

[Event "Campeonato de España Individual Femenino"]
[Site "Cortegana  (Huelva)"]
[Date "2010.08.22"]
[Round "7"]
[White "Garcia Rodriguez, Sara"]
[Black "Rodrigo Yanguas, Maria"]
[Result "1/2-1/2"]
[WhiteElo "1867"]
[BlackElo "2092"]
[PlyCount "141"]
[EventDate "2010.08.17"]
[EventRounds "7"]
[EventCountry "ESP"]

1. e4 e6 2. d4 d5 3. Nd2 Be7 4. e5 Nh6 5. Bd3 Nf5 6. Ne2 c5 7. c3 Nc6 8. Nf3
Qb6 9. O-O cxd4 10. cxd4 Bd7 11. Bxf5 exf5 12. Bg5 Bxg5 13. Nxg5 h6 14. Nf3 g5
15. Qb1 Rc8 16. Ng3 Ne7 17. Rd1 Qg6 18. Qd3 O-O 19. Qa3 Nc6 20. Qb3 Rfd8 21.
Qxd5 Be6 22. Qb5 Bd5 23. Ne1 f4 24. Ne2 a6 25. Qa4 Ne7 26. Nc3 Bc6 27. Qb3 Nd5
28. Rac1 Qe6 29. Ne4 Kg7 30. Nc5 Qe7 31. Qh3 b6 32. Ne4 Bd7 33. Qb3 Be6 34. Qa4
a5 35. Nd6 Rb8 36. a3 h5 37. Qc2 Rxd6 38. exd6 Qxd6 39. Qe4 f6 40. Nd3 Rc8 41.
Re1 Bd7 42. b4 Re8 43. Qxe8 Bxe8 44. Rxe8 f3 45. gxf3 Qd7 46. Re4 Qh3 47. Ne1
Qf5 48. bxa5 bxa5 49. Rc5 Qd7 50. Rxa5 Nc3 51. Re3 Qxd4 52. Rd3 Qc4 53. Ra7+
Kg6 54. Rad7 Ne2+ 55. Kh1 Qc5 56. Re3 Nf4 57. a4 Qb6 58. Rd1 h4 59. Ng2 Nh3 60.
Rf1 Qb2 61. a5 Nxf2+ 62. Kg1 Nh3+ 63. Kh1 Qb5 64. Ra1 Qa6 65. Rea3 Nf2+ 66. Kg1
Nh3+ 67. Kh1 Nf2+ 68. Kg1 Nh3+ 69. Kh1 Nf2+ 70. Kg1 Nh3+ 71. Kh1 1/2-1/2

[Event "Campeonato de España Individual Femenino"]
[Site "Cortegana  (Huelva)"]
[Date "2010.08.22"]
[Round "7"]
[White "Collado Barbas, Laura"]
[Black "Gallardo Pina, Neus"]
[Result "0-1"]
[WhiteElo "2051"]
[BlackElo "1838"]
[PlyCount "88"]
[EventDate "2010.08.17"]
[EventRounds "7"]
[EventCountry "ESP"]

1. d4 Nf6 2. c4 g6 3. Nc3 Bg7 4. Nf3 d6 5. e4 O-O 6. Be3 Bg4 7. Be2 Nbd7 8. h3
Bxf3 9. Bxf3 c5 10. d5 a6 11. O-O Rb8 12. a4 Qb6 13. Qc2 e6 14. Rfd1 e5 15. Be2
Ne8 16. Bd3 Qd8 17. Ne2 Qh4 18. Qd2 h6 19. f4 Kh7 20. Rf1 Qe7 21. Ng3 exf4 22.
Bxf4 Ne5 23. Be2 Nf6 24. Rae1 Rbe8 25. b3 Qd8 26. Bd3 Nfd7 27. Bc2 Qe7 28. Rf2
Rb8 29. Nf1 b5 30. axb5 axb5 31. cxb5 Rxb5 32. Ne3 Rb4 33. g4 Nf6 34. Ng2 Re8
35. Bxe5 Qxe5 36. Rfe2 Nxe4 37. Rxe4 Rxe4 38. Rxe4 Qa1+ 39. Re1 Rxe1+ 40. Qxe1
Qd4+ 41. Ne3 Bf6 42. Kf2 Kg7 43. Kg2 Bg5 44. Nf1 Qxd5+ {Ilegible} 0-1

[Event "Campeonato de España Individual Femenino"]
[Site "Cortegana  (Huelva)"]
[Date "2010.08.22"]
[Round "7"]
[White "Vieito Ribelles, Ariadna"]
[Black "Beltran Ortiz, Edda G"]
[Result "0-1"]
[WhiteElo "1679"]
[BlackElo "1878"]
[PlyCount "140"]
[EventDate "2010.08.17"]
[EventRounds "7"]
[EventCountry "ESP"]

1. c4 g6 2. g3 Bg7 3. Bg2 Nf6 4. Nc3 O-O 5. Nf3 c6 6. d4 d5 7. cxd5 cxd5 8. O-O
Nc6 9. b3 Ne4 10. Bb2 Qa5 11. Nxe4 dxe4 12. Ne1 Bf5 13. Nc2 Rfd8 14. e3 e5 15.
g4 Be6 16. Bxe4 exd4 17. exd4 Qg5 18. h3 Qh4 19. Bg2 h5 20. f3 Be5 21. f4 Bg7
22. f5 Bd5 23. Bxd5 Rxd5 24. Qf3 Rad8 25. fxg6 fxg6 26. Rae1 hxg4 27. hxg4 R5d7
28. Re6 Rf8 29. Qg2 Rxf1+ 30. Kxf1 Rf7+ 31. Kg1 Kh7 32. Re3 Qg5 33. Qh3+ Qh6
34. Qxh6+ Kxh6 35. Bc1 Kh7 36. d5 Nd4 37. Rh3+ Kg8 38. Nxd4 Bxd4+ 39. Kg2 Rf2+
40. Kg3 Rxa2 41. Kf4 Bf6 42. d6 Ra1 43. Be3 Ra3 44. Bc5 Ra1 45. Rd3 Rf1+ 46.
Kg3 b6 47. Bf2 Kf7 48. d7 Bd8 49. Kg2 Rc1 50. Bg3 Rc6 51. Kf3 Ke6 52. Ke4 a5
53. Bf4 b5 54. Be3 a4 55. bxa4 bxa4 56. Rd2 Rd6 57. Rxd6+ Kxd6 58. Bd4 Kxd7 59.
Kd5 a3 60. Ba1 Bg5 61. Bc3 Bc1 62. Bb4 Bb2 63. Bxa3 Bxa3 64. Ke5 Ke7 65. Kf4
Kf6 66. Kf3 Kg5 67. Kg3 Bd6+ 68. Kh3 Kf4 69. Kh4 g5+ 70. Kh3 Bc7 0-1

[Event "Campeonato de España Individual Femenino"]
[Site "Cortegana  (Huelva)"]
[Date "2010.08.22"]
[Round "7"]
[White "Garcia Porlan, Beatriz"]
[Black "Buiza Prieto, Eihartze"]
[Result "1/2-1/2"]
[WhiteElo "1702"]
[BlackElo "1766"]
[PlyCount "69"]
[EventDate "2010.08.17"]
[EventRounds "7"]
[EventCountry "ESP"]

1. e4 d6 2. g3 g6 3. d3 Bg7 4. Nc3 b6 5. Bg2 Bb7 6. Nge2 e6 7. O-O Ne7 8. f4 f5
9. Rb1 Nd7 10. Be3 O-O 11. Nd4 Nc5 12. Qd2 e5 13. Nde2 Ne6 14. fxe5 dxe5 15.
Bh6 c5 16. Bxg7 Kxg7 17. Rbd1 Rc8 18. a3 Ba8 19. exf5 Bxg2 20. Kxg2 Nxf5 21.
Ne4 Nc7 22. N2c3 Nd5 23. Nxd5 Qxd5 24. Rde1 Rcd8 25. Rf2 Nd6 26. Qe3 c4 27.
Rxf8 Rxf8 28. Kg1 Nf5 29. dxc4 Qxc4 30. Qd3 Qd4+ 31. Qxd4 Nxd4 32. Nd2 Re8 33.
c3 Nf5 34. Nc4 e4 35. Ne3 1/2-1/2

[Event "Campeonato de España Individual Femenino"]
[Site "Cortegana  (Huelva)"]
[Date "2010.08.22"]
[Round "7"]
[White "Crespo Ramos, Maria"]
[Black "Gonzalez Benavides, Pilar"]
[Result "1-0"]
[WhiteElo "1692"]
[BlackElo "1434"]
[PlyCount "41"]
[EventDate "2010.08.17"]
[EventRounds "7"]
[EventCountry "ESP"]

1. b3 d5 2. Bb2 c5 3. e3 Nc6 4. Nf3 Bf5 5. Bb5 a6 6. Bxc6+ bxc6 7. d3 e6 8.
Nbd2 Nf6 9. Ne5 Qc7 10. f4 Be7 11. O-O O-O 12. g4 Bg6 13. h4 h6 14. Nxg6 fxg6
15. g5 Nd7 16. gxh6 gxh6 17. Qg4 Kh7 18. h5 Rg8 19. Qxe6 Bf8 20. Qf7+ Bg7 21.
Qxg6+ 1-0